Matilde de Magdeburgo : poeta, beguina, mística /
Gardado en:
| Autor Principal: | |
|---|---|
| Outros autores: | |
| Formato: | Libro |
| Idioma: | Lingua castelá |
| Publicado: |
Barcelona, España :
Herder,
2016, c2016
|
| Temas: | |
| Etiquetas: |
Sen Etiquetas, Sexa o primeiro en etiquetar este rexistro!
|
MARC
| LEADER | 00000nam^a2200000^a^4500 | ||
|---|---|---|---|
| 001 | 000395661 | ||
| 005 | 20250521000000.0 | ||
| 009 | 20260310121409.387 | ||
| 020 | |a 978-84-254-3415-0 | ||
| 037 | |a Acervo ITESO - Biblioteca | ||
| 041 | |a ESP | ||
| 082 | |a 830. 94302 |b KEU | ||
| 100 | |a Keul, Hildegund |e (autor) | ||
| 245 | 1 | 0 | |a Matilde de Magdeburgo : |b poeta, beguina, mística / |c H. Keul ; tr. por A. Otero Villena. |
| 264 | 4 | |a Barcelona, España : |b Herder, |c 2016, c2016 | |
| 300 | |a 172 p. | ||
| 336 | |a texto |b txt |2 rdacontenido | ||
| 337 | |a sin mediación |b n |2 rdamedio | ||
| 338 | |a volumen |b nc |2 rdasoporte | ||
| 500 | |a Traducción de: Mechthild von Magdeburg. Poetin – Begine – Mystikerin | ||
| 649 | |a XX | ||
| 650 | |a Escritores Alemanes - |x Biografías | ||
| 650 | |a Beguinas Alemanas - |x Biografías | ||
| 650 | |a Beguinas en Magdeburgo, Alemania - |x Historia - |y Siglo XIII | ||
| 650 | |a Beguinas en Alemania - |x Historia - |y Siglo XIII | ||
| 650 | |a Cistercienses Alemanes - |x Biografías | ||
| 650 | |a Cistercienses en Helfta, Alemania - |x Historia - |y Siglo XIII | ||
| 650 | |a Cistercienses en Alemania - |x Historia - |y Siglo XIII | ||
| 650 | |a Benedictinos (Monjas) Alemanas - |x Biografías | ||
| 650 | |a Benedictinos (Monjas) en Helfta, Alemania - |x Historia - |y Siglo XIII | ||
| 650 | |a Benedictinos (Monjas) en Alemania - |x Historia - |y Siglo XIII | ||
| 650 | |a Monjas Alemanas - |x Biografías | ||
| 650 | |a Religiosos Alemanes - |x Biografías | ||
| 650 | |a Mujeres Alemanas - |x Biografías | ||
| 650 | |a Monasticismo y Ordenes Religiosas para Mujeres - |z Alemania - |x Historia - |y Siglo XIII | ||
| 650 | |a Iglesia en Alemania - |x Historia - |y Siglo XIII | ||
| 650 | |a Poesía Religiosa - |z Alemania - |x Historia y Crítica | ||
| 650 | |a Poesía Alemana - |x Historia y Crítica | ||
| 650 | |a Misticismo en la Literatura - |z Alemania - |x Historia y Crítica | ||
| 650 | |a Misticismo Cristiano - |z Alemania - |x Historia - |y Siglo XIII | ||
| 650 | |a Literatura Cristiana - |z Alemania - |x Historia y Crítica | ||
| 650 | |a Literatura Religiosa - |z Alemania - |x Historia y Crítica | ||
| 650 | |a Religión y Literatura - |z Alemania - |x Historia y Crítica | ||
| 650 | |a Literatura Medieval - |z Alemania - |x Historia y Crítica | ||
| 650 | |a Literatura Alemana - |x Historia y Crítica | ||
| 650 | |a Literatura Alemana - |y Siglo XIII | ||
| 650 | |a Vida Monástica y Religiosa - |z Alemania - |x Historia - |y Siglo XIII | ||
| 650 | |a Cristianismo - |z Alemania - |x Historia - |y Siglo XIII | ||
| 650 | |a Religión - |z Alemania - |x Historia - |y Siglo XIII | ||
| 650 | |a Magdeburgo, Alemania - |x Historia - |y Siglo XIII | ||
| 650 | |a Helfta, Alemania - |x Historia - |y Siglo XIII | ||
| 650 | |a Alemania - |x Historia - |y Dinastía Hohenstaufen, 1137-1254 | ||
| 650 | |a Alemania - |x Historia - |y Interregno, 1254-1273 | ||
| 650 | |a Alemania - |x Historia - |y Dinastía de los Habsburgo, 1273-1378 | ||
| 650 | |a Alemania - |x Historia - |y Siglo XIII | ||
| 650 | |a Alemania - |x Historia - |y Sacro Imperio Romano Germánico, 911-1806 | ||
| 650 | |a Alemania - |x Historia - |y Principados, Imperio y Reinos, 481-1871 | ||
| 650 | |a Matilde, de Magdeburgo - |x Tema Principal | ||
| 700 | |a Otero Villena, Almudena |e (traducción) | ||
| 910 | |a Fondo General | ||
| 920 | |a Impresos - Libros | ||
| 930 | |a Colección General | ||
| 940 | |a Literatura | ||
| 905 | |a 101 | ||
| 901 | |a 0500291043 |b IT1 |c LIT |u 20250521 | ||
| 902 | |a https://opac.biblio.iteso.mx/vufind/Record/000395661 | ||